| 000 | 00480nam a2200133 i 4500 | ||
|---|---|---|---|
| 001 | 43774 | ||
| 003 | ES-MaACL | ||
| 005 | 20230906160855.0 | ||
| 007 | t| | ||
| 008 | 030318s1888 cu ||||1| spa d | ||
| 245 | 0 | 0 | _aCausa criminal seguida a virtud de querella de los hermanos Colomé contra D. Florencio Saez y Madrazo y D. Venancio Peña y Sainz por simulación de la venta de los potreros Santa Rosa y Regla. |
| 260 |
_aHabana : _b[s.n., _c1888] |
||
| 852 |
_aES-MaACL _jT-691-F-2 |
||
| 999 |
_c43774 _d43774 |
||